000 00224nam a2200097Ia 4500
008 230508s1992 xx 000 0 und d
041 _aeng
100 _aMAHAJAN D M
245 _aELEMENTS OF BUILDING DRAWING
260 _c1992
999 _c314286
_d314286